000 00706nam a2200277Ia 4500
005 20260324151007.0
008 008 260324s9999 xx 000 0 eng d
020 _a9780429462412
037 _aEBOOK
040 _aCRL
040 _beng
040 _cCRL
041 _2eng
041 _aeng
084 _qCRL
100 _aAlbert Churchward
_91158667
245 4 _aThe Origin and Evolution of Freemasonary Connected with the Origin and Evoloution of the Human Race.
260 _bTaylor and Francis
260 _c1921
365 _a
365 _b180
856 _uhttp://www.taylorfrancis.com/books/9780429462412
942 _cEBOOK
999 _c1838729
_d1838729